<Die> Sicherungskosten - Begriff, Verwendung und Ermittlung.

Možnosti zavedenia pojmu poisťovacích nákladov proti riziku do náuky o podniku a podnikovej praxe. Pojem a štruktúra poisťovacích nákladov (poistenie, odpisy na rezervné agregáty, dodatočné materiálové náklady na údržbu, úroky na bezpečnostné zásoby atp.). Určenie výšky poisťovacích nákladov. Vymedz...

Description complète

Enregistré dans:
Détails bibliographiques
Auteur principal: Koch, H.
Format: Chapitre de livre
Langue:allemand
Sujets:
Tags: Ajouter un tag
Pas de tags, Soyez le premier à ajouter un tag!

MARC

LEADER 00000naa a2200000 4500
001 r004183
005 20221130104025.0
041 0 |a ger 
044 |a DE 
245 1 0 |a <Die> Sicherungskosten - Begriff, Verwendung und Ermittlung.  |c H. Koch 
520 |a Možnosti zavedenia pojmu poisťovacích nákladov proti riziku do náuky o podniku a podnikovej praxe. Pojem a štruktúra poisťovacích nákladov (poistenie, odpisy na rezervné agregáty, dodatočné materiálové náklady na údržbu, úroky na bezpečnostné zásoby atp.). Určenie výšky poisťovacích nákladov. Vymedzenie prijateľného rizika. Využitie pojmu poisťovacích nákladov pri rozhodovaní a rozpočtových kalkuláciách. 
610 2 0 |a poistenie 
610 2 0 |a náklady 
610 2 0 |a riziko 
610 2 0 |a rozhodovanie 
610 2 0 |a kalkulácia prepočtová 
610 2 0 |a náklady materiálové 
610 2 0 |a odpisy 
100 1 |a Koch, H.